| 000 | 01193nam a22003617a 4500 | ||
|---|---|---|---|
| 001 | 0010474 | ||
| 003 | KOHA_MİRAKIL | ||
| 005 | 20260207001745.0 | ||
| 007 | ta | ||
| 008 | 091111b1996 tu |||gr||||#||||1|tur | | ||
| 040 |
_aTR-BiSEU _btur _cTR-BiSEU _erda |
||
| 041 | 0 |
_atur _atur |
|
| 044 | _ctu | ||
| 050 |
_aPL120 _b.C28 1996 |
||
| 100 | 1 | _aÇatıkkaş, Ata. | |
| 245 | 1 |
_aUygulamalı Türk dili ve kompozisyon kılavuzu: üniversiteliler için/ _cAta Çatıkkaş ; M. Ata Çatıkkaş. |
|
| 264 | 1 |
_aİstanbul : _bAlfa Yayınları _c1996 |
|
| 300 | _aXV, 607 sayfa; 24 cm. | ||
| 336 |
_ametin _btxt _2rdacontent |
||
| 337 |
_aaracısız _bn _2rdamedia |
||
| 338 |
_acilt _bnc _2rdacarrier |
||
| 490 | 0 | _aAlfa Basım Yayım Dağıtım Yayın No: 323. | |
| 490 | 0 | _aEdebiyat Dizi No: 25. | |
| 500 | _aKaynakça var. | ||
| 650 | 0 |
_aTürk dili--Tarih. _91900 |
|
| 650 | 0 |
_aTürk dili--Gramer. _913266 |
|
| 650 | 0 |
_aTürk dili--Dilbilgisi. _91899 |
|
| 650 | 0 |
_aKompozisyon yazma sanatı. _925691 |
|
| 650 | 0 |
_aTürk dili--Kompozisyon. _915598 |
|
| 830 | 0 |
_aAlfa Basım Yayım Dağıtım Yayın No: 323. _925692 |
|
| 830 | 0 |
_aEdebiyat Dizi No: 25. _925693 |
|
| 942 |
_2lcc _cBK |
||
| 999 |
_c10446 _d10446 |
||